| 000 | 00738nam a22002417a 4500 | ||
|---|---|---|---|
| 005 | 20161019105227.0 | ||
| 008 | 161019b xxu||||| |||| 00| 0 eng d | ||
| 040 | _aANE | ||
| 041 | _aEs | ||
| 084 | _aVIRTUAL-002626 | ||
| 100 | _aGarcía, Leonardo Fabián | ||
| 245 |
_aNuevas masculinidades: _bdiscursos y prácticas de resistencia al patriarcado |
||
| 300 | _a121 p. | ||
| 650 | _aGÉNERO | ||
| 650 | _aHOMBRES | ||
| 650 | _aMUJERES | ||
| 650 | _aEQUIDAD DE GÉNERO | ||
| 650 | _aÉTICA | ||
| 650 | _aPOLÍTICA | ||
| 650 | _aPATRIARCADO | ||
| 856 | _uhttp://documentacion.asambleanacional.gob.ec/alfresco/d/d/workspace/SpacesStore/19214313-7439-4fc7-8758-680cfc2ccf0b/VIRTUAL%20-%20002626.pdf | ||
| 942 |
_2ddc _cBV _zmbc |
||
| 999 |
_c35488 _d35488 |
||